<?xml version="1.0" encoding="UTF-8"?><?xml-stylesheet type="text/xsl" href="static/style.xsl"?><OAI-PMH xmlns="http://www.openarchives.org/OAI/2.0/" xmlns:xsi="http://www.w3.org/2001/XMLSchema-instance" xsi:schemaLocation="http://www.openarchives.org/OAI/2.0/ http://www.openarchives.org/OAI/2.0/OAI-PMH.xsd"><responseDate>2026-04-17T04:13:50Z</responseDate><request verb="GetRecord" identifier="oai:www.recercat.cat:2117/344089" metadataPrefix="marc">https://recercat.cat/oai/request</request><GetRecord><record><header><identifier>oai:recercat.cat:2117/344089</identifier><datestamp>2025-07-17T04:32:26Z</datestamp><setSpec>com_2072_1033</setSpec><setSpec>col_2072_452950</setSpec></header><metadata><record xmlns="http://www.loc.gov/MARC21/slim" xmlns:dcterms="http://purl.org/dc/terms/" xmlns:xsi="http://www.w3.org/2001/XMLSchema-instance" xmlns:doc="http://www.lyncode.com/xoai" xsi:schemaLocation="http://www.loc.gov/MARC21/slim http://www.loc.gov/standards/marcxml/schema/MARC21slim.xsd">
   <leader>00925njm 22002777a 4500</leader>
   <datafield ind2=" " ind1=" " tag="042">
      <subfield code="a">dc</subfield>
   </datafield>
   <datafield ind2=" " ind1=" " tag="720">
      <subfield code="a">Serra Fabregà, Raül</subfield>
      <subfield code="e">author</subfield>
   </datafield>
   <datafield ind2=" " ind1=" " tag="720">
      <subfield code="a">Zamora i Mestre, Joan-Lluís</subfield>
      <subfield code="e">author</subfield>
   </datafield>
   <datafield ind2=" " ind1=" " tag="720">
      <subfield code="a">Arias Holguín-Veras, Paloma Magdalena</subfield>
      <subfield code="e">author</subfield>
   </datafield>
   <datafield ind2=" " ind1=" " tag="260">
      <subfield code="c">2020</subfield>
   </datafield>
   <datafield ind2=" " ind1=" " tag="520">
      <subfield code="a">This contribution presents previous results of a study carried out with the aim of achieving better results in the restoration processes by replacing the tiles of an exterior mosaic tiling of the Trencadís type of Catalan Modernism. In this case the trencadís tiles come from the cutting of pieces, called piastras, of opaque and mass-colored glass called Smalti Murano glass. These companies have extensive color catalogs that, although not exactly the same as they were a century ago, are close enough for these replacement tasks. Each color corresponds, however, to a different composition of glass and a slightly different manufacturing process. These differences favor that the differences of color always go accompanied also of differences of superficial aspect. However, not all color references currently available have the same surface quality since this product, during its manufacture, acquires primary defects typical of artisanal processes. So far the predominant criteria for the selection of the new references of piastras that must replace the product damaged by the extensive exposure to the weather as a coating are based primarily on color. However, durability requirements must also be part of the selection criteria for substitution references. The primary defects that a product already presents in its superficial quality are often indicators of either a more irregular quality or of circumstances that favor the early appearance of secondary defects throughout its useful life. The main objective of this study is to ensure, in restoration work by substitution, the selection of the best piastras from the point of view of surface quality, to apply on site the most similar tiles of tone and with greater durability. This study is part of a collaboration between the study group LiTA (Laboratori d'Innovació i Tecnologia de l'Arquitectura) (UPC) and a private non-profit organization.</subfield>
   </datafield>
   <datafield ind2=" " ind1=" " tag="520">
      <subfield code="a">Peer Reviewed</subfield>
   </datafield>
   <datafield ind2=" " ind1=" " tag="520">
      <subfield code="a">Postprint (published version)</subfield>
   </datafield>
   <datafield tag="653" ind2=" " ind1=" ">
      <subfield code="a">Àrees temàtiques de la UPC::Edificació::Elements constructius d'edificis::Elements d'acabat</subfield>
   </datafield>
   <datafield tag="653" ind2=" " ind1=" ">
      <subfield code="a">Ceramic coating</subfield>
   </datafield>
   <datafield tag="653" ind2=" " ind1=" ">
      <subfield code="a">Colour</subfield>
   </datafield>
   <datafield tag="653" ind2=" " ind1=" ">
      <subfield code="a">Murano glass</subfield>
   </datafield>
   <datafield tag="653" ind2=" " ind1=" ">
      <subfield code="a">Smalti</subfield>
   </datafield>
   <datafield tag="653" ind2=" " ind1=" ">
      <subfield code="a">Trencadís</subfield>
   </datafield>
   <datafield tag="653" ind2=" " ind1=" ">
      <subfield code="a">Preliminary alteration patterns</subfield>
   </datafield>
   <datafield tag="653" ind2=" " ind1=" ">
      <subfield code="a">Revestiment ceràmic</subfield>
   </datafield>
   <datafield ind2="0" ind1="0" tag="245">
      <subfield code="a">Smalti Murano Glass Tessella’s Applied Outdoor in the Trencadís Catalan Modernism Mosaic: Recognition of Preliminary Alteration Patterns</subfield>
   </datafield>
</record></metadata></record></GetRecord></OAI-PMH>